1283 1108 1157 1100 1649 1484 1121 1155 1569 1847 1158 1847 1487 2000 1744 1730 1324 1118 1663 1755 1391 1979 1030 1231 1702 1840 1008 1364 1629 1577 1864 1399 1145 1670 1736 1120 1663 1639 1232 1293 1949 1793 1819 1452 1521 1820 1336 1572 1736 1289 1665 1598 1508 1021 1107 1673 1447 1012 1623 1714 1493 1527 1753 1310 1340 1961 1008 1333 1796 1256 1669 1960 1394 1382 1436 1160 1630 1758 1786 1872 1668 1130 1391 1193 1817 1090 1378 1602 1022 1790 1079 1387 1636 1092 1214 1547 1796 1558 1140 BCNSPRNW ULIB Ver.6.0+V

เปลี่ยนเป็นภาษาไทย

Change to English
 แสดงรายละเอียดบรรณานุกรม
  กลับหน้าหลัก

Brief Record : Get Marc (ISO 2709) : E-mail record : QR code < ปิดหน้าต่าง
LEADER : 00000nam 2200000uu 4500
001    13399128935
003     ULIB
008    241030s2021||||th 000 0 tha d
020    ^a9781108933858 (pbk.)
050  4 ^aPE1128^bI22
245 00 ^aIELTS 16 academic with answers :^bauthentic examinationtests /^c[Cambridge University Press]
260    ^aCambridge :^bCambridge University Press,^c2021
300    ^a142 p. :^bill. ;^c25 cm.
650  0 ^aInternational English Language Testing System^vStudyguides
650  0 ^aEnglish language^vTextbooks for foreign speakers
650  0 ^aEnglish language^xStudy and teaching
650  0 ^aEnglish language^xExaminations^vStudy guides
650  0 ^aEnglish language^vProblems, exercises, etc.
653    ^aIELTS
945    ^p989^l0^i011189
999    ^aประนอม เกษจรัล
รายการนี้ยังไม่มีแท็ก
คุณยังไม่ได้ล็อกอิน คุณสามารถมีกิจกรรมร่วมกับเว็บไซต์ได้ แต่ต้องล็อกอินก่อน ::
  ล็อกอิน

รายการสื่อสารสนเทศ

ลำดับที่ ประเภท เลขเรียก/บาร์โค้ด สถานที่ สถานะ
1. การศึกษาทั่วไป
หนังสือสำรอง
สถานะ=หนังสือสำรอง
PE1128 I22 ฉ.1 
  Barcode: 011189
ห้องสมุดวิทยาเขตสวรรค์ประชารักษ์
►หนังสือทั่วไป
บนชั้น

BibComment


ยังไม่เคยถูกคอมเมนท์

คอมเมนท์ทรัพยากรรายการนี้
  คอมเมนท์: IELTS 16 academi..


 Copyright 2026. Bcnsprnw @Library